Datum a čas kvízu
22.5
Celkem bodů
Celkový počet nahraných bodů na tomto kvízu bez doplňovacích otázek.
7.
Pořadí na kvízu
Konečné umístění týmu na tomto kvízu.
Zaznamenané odpovědi
| # | Otázka | Odpověď | Body | Výsledky |
|---|---|---|---|---|
| 1. | Senát nominoval rekordních 125... | Jan Kubiš, Adolf Opálka | 0 | |
| 2. | Policie v Nashvillu v americké... | C) hrál v pornografickém filmu | 0 | |
| 3. | V úterý měla na letní scéně pr... | Miloš Forman | 0 | |
| 4. | Do mobilní aplikace Portál obč... | DROZD | 0 | |
| 5. | Napište jména dvou českých rep... | Roman Červenka, Lukáš Dostál | 1 | |
| 6. | Jak se nazývá specializované o... | A | 0 | |
| 7. | Jak se jmenuje ovoce na obrázk... | papája | 1 | |
| 8. | Nyní nás bude zajímat čínský a... | kiwi | 0 | |
| 9. | Vypište z následující řady dva... | jackfruit, rambutan | 0.5 | |
| 10. | Níže jsou názvy tří odrůd jabl... | C | 1 |